Les clubs appartenant au City Football Group - Statistiques

Statistiques générales
  • Ce quiz a été pris 89 fois
  • Le résultat moyen est 4 sur 11
Statistiques - réponses
Pays Classement 2021/2022 du club Club % Correct
Angleterre 1er Manchester City
98%
France 15ème ESTAC Troyes
79%
Etats-Unis 3ème New York City
62%
Australie 2ème Melbourne City
47%
Espagne 6ème (2nde division) Girona FC
32%
Italie 3ème (3ème division) Palerme FC
16%
Uruguay 13ème Montevideo City
12%
Belgique 6ème (2nde division) Lommel SK
11%
Inde 5ème Mumbai City FC
11%
Japon 1er Yokohama F. Marinos
11%
Chine 7ème (2nde division) Sichuan Jiuniu FC
4%
Aucun quiz correspondant
Distribution des résultats
% des personnes avec chaque résultat
Percentile par nombre de réponses
Votre historique - résultats
Vous n’avez pas pris ce quiz